Nueve cuentos /
Guardado en:
| Autor Principal: | |
|---|---|
| Otros Autores: | |
| Formato: | Libro |
| Publicado: |
Buenos Aires :
Edhasa,
2007
|
| Materias: | |
| Etiquetas: |
Agregar Etiqueta
Sin Etiquetas, Sea el primero en etiquetar este registro!
|
| LEADER | 01038nam a22002655a 4500 | ||
|---|---|---|---|
| 001 | CEM.cems014315 | ||
| 005 | 20140414114959.0 | ||
| 008 | 130507s2007##################000#0#####d | ||
| 003 | CEMS | ||
| 020 | |a 9789509009059 | ||
| 082 | 0 | 4 | |a 818.5 |
| 100 | 1 | |a Salinger, J. D. | |
| 245 | 1 | 0 | |a Nueve cuentos / |c J. D. Salinger ; traducción de Elena Rius |
| 260 | |a Buenos Aires : |b Edhasa, |c 2007 | ||
| 300 | |a 288 p. | ||
| 505 | 0 | |a Un día perfecto para el pez plátano -- El tío Wiggily en Connecticut -- Justo antes de la guerra con los esquimales -- El hombre que ríe -- En el bote -- Para Esmé, con amor y sordidez -- Linda boquita y verdes mis ojos -- Teddy -- El período azul de Daumier-Smith | |
| 653 | |a Literatura | ||
| 653 | |a Literatura norteamericana | ||
| 653 | |a Cuentos | ||
| 653 | |a Cuentos norteamericanos | ||
| 653 | |a Narrativa | ||
| 653 | |a Narrativa norteamericana | ||
| 653 | |a Ministerio de educaci-colección literaria | ||
| 700 | 1 | |a Rius, Elena, trad. | |
| 859 | |a CEMS |b BIB. CEMS - 11 de abril |h 818.5 |i Sa338 |p 26879.14 |t Ej.1 | ||
